| 000 | 00609nam a22001937a 4500 | ||
|---|---|---|---|
| 999 |
_c183598 _d183598 |
||
| 005 | 20211229142740.0 | ||
| 010 | _aENG-130748 | ||
| 020 |
_a978-93-887-54-811 _c899.00 |
||
| 035 | _aEN-114280 | ||
| 037 | _bDBAD | ||
| 082 | _aN | ||
| 100 | _aPatil, Vishwas | ||
| 245 |
_aPanipat: _cVishwas Patil & Translated by Nadeem Khan |
||
| 260 |
_aChennai _bRajhans Prakashan _c2019 |
||
| 270 |
_a1st Floor, A Block, East Wing, Plot No. 40, SP Info City, Dr. MGR Salai, Perungudi, Kandanchavadi _bChennai _e600096 |
||
| 300 |
_a575p _c24cm(pbk) |
||
| 700 | _aTranslated by Khan, Nadeem | ||
| 942 |
_2ddc _cEN _hN _mPAT |
||